000 00677nam a22002057a 4500
003 MN-UlNLM
005 20260302112618.0
008 260302b mp ||||| |||| 00| 0 mon d
020 _a9786012715064
040 _aБаян-Өлгий аймаг төв номын сан
_bkaz
_cMN-UlNLM
_dMN-UlNLM
_erda
084 _2NNA
_a84(5Каз)
_bҚ39
_q84
100 _aҚаңтарбаев.Э,
_q(Элiбек)
245 _aҚасқыр-тiрлiк
264 _aАстана:
_b(Фолиант)
_c2022.
300 _a432 хуудастай:
_c25см
336 _2rdaconnect
_atext
_btxt
337 _2rdamedia
_aunmediated
_bn
338 _2rdacarrier
_avolume
_bnc
942 _2NNA
_cBK
999 _c1156068
_d1156125